Modern developments in science and technology Vol.I & II (Record no. 183275)
[ view plain ]
| 000 -LEADER | |
|---|---|
| fixed length control field | 00888 a2200169 4500 |
| 003 - CONTROL NUMBER IDENTIFIER | |
| control field | Nust |
| 005 - DATE AND TIME OF LATEST TRANSACTION | |
| control field | 20221017125953.0 |
| 040 ## - CATALOGING SOURCE | |
| Transcribing agency | Nust |
| 082 ## - DEWEY DECIMAL CLASSIFICATION NUMBER | |
| Classification number | 600,MEH |
| 100 ## - MAIN ENTRY--PERSONAL NAME | |
| Personal name | Mehmud, Salim, |
| 9 (RLIN) | 100463 |
| 245 ## - TITLE STATEMENT | |
| Title | Modern developments in science and technology Vol.I & II |
| Statement of responsibility, etc. | Mehmud, Salim, 1935- |
| 260 ## - PUBLICATION, DISTRIBUTION, ETC. | |
| Place of publication, distribution, etc. | Karachi : Pakistan |
| Name of publisher, distributor, etc. | Space & Upper Atmosphere Research Commission, |
| Date of publication, distribution, etc. | 1984-<1985> |
| 300 ## - PHYSICAL DESCRIPTION | |
| Extent | 145,and 212,p |
| Other physical details | (some col.), port. ; 22 cm. |
| 505 ## - FORMATTED CONTENTS NOTE | |
| Formatted contents note | Space Science and Technology (Page-1), Microelectronics (Page-47), Military Sciences (Page-65), Energy (Page-103), General (Page-133). Space Science and Technology (Page-11), Electronics (Page-45), Lasers Technology (Page-71), Earth Sciences Genetic Engineering (Page-123), Environment (Page-133), Industry (Page-160), Education (Page-199). |
| 650 ## - SUBJECT ADDED ENTRY--TOPICAL TERM | |
| Topical term or geographic name entry element | Modern developments in science and technology |
| 9 (RLIN) | 100464 |
| 942 ## - ADDED ENTRY ELEMENTS (KOHA) | |
| Source of classification or shelving scheme | |
| Koha item type | Book |
| Withdrawn status | Lost status | Source of classification or shelving scheme | Damaged status | Not for loan | Permanent Location | Current Location | Shelving location | Date acquired | Full call number | Barcode | Date last seen | Price effective from | Koha item type | Public note |
|---|---|---|---|---|---|---|---|---|---|---|---|---|---|---|
| Military College of Signals (MCS) | Military College of Signals (MCS) | General Stacks | 12/12/2016 | 600,MEH | MCS20856 | 12/08/2016 | 12/12/2016 | Book | Almirah No.26, Shelf No.1 | |||||
| Military College of Signals (MCS) | Military College of Signals (MCS) | General Stacks | 12/12/2016 | 600,MEH | MCS21225 | 12/08/2016 | 12/12/2016 | Book | Almirah No.26, Shelf No.1 |
